Music Quiz

Random Music or Artist Quiz
Score 0/30 Timer 05:00
9 Plays Today
% Correct
Town
91.4%
Were
90.8%
Marry
90.2%
Cry
89.9%
City
88.1%
Hear
87.5%
Room
85.5%
Like
84%
Summer
83.6%
Coffins
83%
Are
82.7%
Swinging
82%
Sue
80.4%
Home
79.7%
Country
78.5%
% Correct
Mine
78.1%
One
74.2%
Cheer
74%
Bugle
72.7%
Oh
72.6%
Bubble
72.2%
'Round
61.1%
Bad
57.8%
Lover
52%
Rude
51.5%
American
48%
Lollypop
40.1%
Lonely
38.8%
Soldier
36.5%
Tarzan
25.5%
Remove Ads.
Support Sporcle.
Get the best of Sporcle when you Go Orange. This ad-free experience offers more features, more stats, and more fun while also helping to support Sporcle. Thank you for becoming a member.

You're not logged in!

Compare scores with friends on all Sporcle quizzes.
OR
Log In

Sporcle TV

Today on Sporcle TV


Watch our educational content, quiz creation guides, and fun videos on Sporcle TV.

Show Comments

Extras

Top Quizzes Today


Score Distribution

Paid Content

Your Account Isn't Verified!

In order to create a playlist on Sporcle, you need to verify the email address you used during registration. Go to your Sporcle Settings to finish the process.

Report this User

Report this user for behavior that violates our Community Guidelines.

Details: